Human Insect Interactions/ (Record no. 50583)

MARC details
000 -LEADER
fixed length control field 00444nam a22001577a 4500
003 - CONTROL NUMBER IDENTIFIER
control field OSt
008 - FIXED-LENGTH DATA ELEMENTS--GENERAL INFORMATION
fixed length control field 260513b |||||||| |||| 00| 0 eng d
020 ## - INTERNATIONAL STANDARD BOOK NUMBER
International Standard Book Number 9780367781583
082 ## - DEWEY DECIMAL CLASSIFICATION NUMBER
Classification number 595.7
Item number G72H
100 ## - MAIN ENTRY--PERSONAL NAME
Personal name Govorushko, Sergey
245 ## - TITLE STATEMENT
Title Human Insect Interactions/
Remainder of title by Sergey Govorushko
260 ## - PUBLICATION, DISTRIBUTION, ETC. (IMPRINT)
Place of publication, distribution, etc Boca Raton:
Name of publisher, distributor, etc CRC Press;
Date of publication, distribution, etc 2020.
300 ## - PHYSICAL DESCRIPTION
Extent xi, 428 p.
650 ## - SUBJECT ADDED ENTRY--TOPICAL TERM
Topical term or geographic name as entry element Pure sciences | Zoological sciences | Insects
942 ## - ADDED ENTRY ELEMENTS (KOHA)
Source of classification or shelving scheme
Koha item type Books
Holdings
Withdrawn status Lost status Source of classification or shelving scheme Damaged status Not for loan Home library Current library Shelving location Date acquired Source of acquisition Cost, normal purchase price Total Checkouts Full call number Barcode Date last seen Bill Date Koha item type Bill Number
          Dr. Rajendra Prasad Central Agricultural University Pusa, Dr. Rajendra Prasad Central Agricultural University Pusa, General Stacks 13/05/2026 Scientific Publishers (India) 4924.00   595.7 G72H 87839 13/05/2026 01/02/2026 Books Invoice/SPI/25-26/425
Hosted, Implemented, Customized & Maintained by: BestBookBuddies

Powered by Koha